000 00384 a2200145 4500
001 168938
020 _a
040 _cMagnum
100 _aAgencia Regional de Noticias
240 1 0 _aClipping em educacao - 25/06/01 a 01/07/01 - ano ii - nº 93
_lpor
245 1 0 _aClipping em educacao - 25/06/01 a 01/07/01 - ano ii - nº 93
362 0 _a1899
697 _aENSINO
942 _cBK
999 _c168938
_d168938